<?xml version="1.0" encoding="UTF-8"?><?xml-stylesheet type="text/xsl" href="static/style.xsl"?><OAI-PMH xmlns="http://www.openarchives.org/OAI/2.0/" xmlns:xsi="http://www.w3.org/2001/XMLSchema-instance" xsi:schemaLocation="http://www.openarchives.org/OAI/2.0/ http://www.openarchives.org/OAI/2.0/OAI-PMH.xsd"><responseDate>2026-04-13T01:18:32Z</responseDate><request verb="GetRecord" identifier="oai:www.recercat.cat:10256/27406" metadataPrefix="marc">https://recercat.cat/oai/request</request><GetRecord><record><header><identifier>oai:recercat.cat:10256/27406</identifier><datestamp>2025-09-27T19:19:32Z</datestamp><setSpec>com_2072_452966</setSpec><setSpec>com_2072_2054</setSpec><setSpec>col_2072_452969</setSpec></header><metadata><record xmlns="http://www.loc.gov/MARC21/slim" xmlns:dcterms="http://purl.org/dc/terms/" xmlns:xsi="http://www.w3.org/2001/XMLSchema-instance" xmlns:doc="http://www.lyncode.com/xoai" xsi:schemaLocation="http://www.loc.gov/MARC21/slim http://www.loc.gov/standards/marcxml/schema/MARC21slim.xsd">
   <leader>00925njm 22002777a 4500</leader>
   <datafield ind2=" " ind1=" " tag="042">
      <subfield code="a">dc</subfield>
   </datafield>
   <datafield ind2=" " ind1=" " tag="720">
      <subfield code="a">Pereira Badaró Duarte, Matheus Léo</subfield>
      <subfield code="e">author</subfield>
   </datafield>
   <datafield ind2=" " ind1=" " tag="260">
      <subfield code="c">2025-04</subfield>
   </datafield>
   <datafield ind2=" " ind1=" " tag="520">
      <subfield code="a">O presente trabalho tem como objeto de estudo a colaboração premiada brasileira e, mais especificamente, a regra da corroboração das declarações do colaborador. Como objetivo geral, pretende-se analisar se, à luz da epistemologia jurídica, há fundamento suficiente para justificar a regra que limita o valor probatório da colaboração premiada, impedindo que o julgador profira decisões de recebimento da denúncia e condenações exclusivamente com base nas declarações do colaborador. Como objetivos específicos, são analisadas as possibilidades de valoração das declarações de colaboradores com base em elementos de prova unilateralmente produzidos e a hipótese de corroboração cruzada, em que a declaração de um colaborador é corroborada pela declaração de outro</subfield>
   </datafield>
   <datafield ind2=" " ind1=" " tag="520">
      <subfield code="a">This paper focuses on the Brazilian system of turning state's evidence, specifically the rule requiring corroboration of the collaborator’s statements. The general objective is to analyze whether, in light of legal epistemology, there is sufficient basis to justify the rule that limits the evidentiary value of such statements, preventing the judge from issuing decisions to accept charges or convict solely based on the collaborator's declarations. As specific objectives, the paper examines the possibilities of valuating collaborators’ statements based on unilaterally produced evidence, as well as the hypothesis of cross-corroboration, in which one collaborator’s statement is corroborated by another’s</subfield>
   </datafield>
   <datafield ind2=" " ind1=" " tag="520">
      <subfield code="a">16</subfield>
   </datafield>
   <datafield ind1="8" ind2=" " tag="024">
      <subfield code="a">http://hdl.handle.net/10256/27406</subfield>
   </datafield>
   <datafield tag="653" ind2=" " ind1=" ">
      <subfield code="a">Denúncies -- Brasil</subfield>
   </datafield>
   <datafield tag="653" ind2=" " ind1=" ">
      <subfield code="a">Procediment penal -- Brasil</subfield>
   </datafield>
   <datafield tag="653" ind2=" " ind1=" ">
      <subfield code="a">Càrrega de la prova -- Brasil</subfield>
   </datafield>
   <datafield tag="653" ind2=" " ind1=" ">
      <subfield code="a">Prova (Dret) -- Brasil</subfield>
   </datafield>
   <datafield tag="653" ind2=" " ind1=" ">
      <subfield code="a">Informations -- Brasil</subfield>
   </datafield>
   <datafield tag="653" ind2=" " ind1=" ">
      <subfield code="a">Criminal procedure -- Brasil</subfield>
   </datafield>
   <datafield tag="653" ind2=" " ind1=" ">
      <subfield code="a">Burden of proof -- Brasil</subfield>
   </datafield>
   <datafield tag="653" ind2=" " ind1=" ">
      <subfield code="a">Evidence, Expert -- Brasil</subfield>
   </datafield>
   <datafield ind2="0" ind1="0" tag="245">
      <subfield code="a">A corroboração da colaboração premiada no Brasil: o problema da corroboração das declarações do colaborador</subfield>
   </datafield>
</record></metadata></record></GetRecord></OAI-PMH>